| 000 | 01263nam a2200229Ia 4500 | ||
|---|---|---|---|
| 001 | L240-11829 | ||
| 003 | IT-CnALBA | ||
| 008 | 170116s9999||||xx |||||||||||||| ||und|| | ||
| 040 |
_aIT-CnALBA _cIT-CnALBA |
||
| 041 | _aITALIANO | ||
| 100 | _aFALLETTI CESARE, MONACO A LERINS. | ||
| 245 | 0 | _aFATTI AD IMMAGINE. ESORTAZIONE ALLA VITA DIVINA. | |
| 250 | _a2a ed. | ||
| 260 |
_aCINISELLO BALSAMO (MI) _bEDIZIONI PAOLINE _c1981 [1° Ed.:1980 - Ed.Ling.Originale: 1980] |
||
| 300 | _a147 p. (prefazione: 7) | ||
| 500 | _aSUL MONTE DELLA PRESENZA. IMMAGINE SOMIGLIANZA DISCESA AGLI INFERI. PENTIMENTO UMILTÀ OBBEDIENZA. DIGIUNO VEGLIA SOBRIETÀ. SILENZIO DESERTO MORTE. ASCESA AL PADRE. POVERO. INDIVISIBILITA'. TESTIMONI. COMUNIONE DEI SANTI. DOPPIONE. CONFRONTA DOCUMENTO 1529 | ||
| 501 | _aSocietà San Paolo EM - Piazza San Paolo, 14 - 12051 ALBA (CN) (non commercial uses only) ® Copyright 2017 | ||
| 520 | _aSUL MONTE DELLA PRESENZA. IMMAGINE SOMIGLIANZA DISCESA AGLI INFERI. PENTIMENTO UMILTÀ OBBEDIENZA. DIGIUNO VEGLIA SOBRIETÀ. SILENZIO DESERTO MORTE. ASCESA AL PADRE. POVERO. INDIVISIBILITA'. TESTIMONI. COMUNIONE DEI SANTI. DOPPIONE. CONFRONTA DOCUMENTO 1529 | ||
| 650 | _aTEOLOGIA SPIRITUALE CRISTIANA | ||
| 942 | _cBK | ||
| 957 | _71 | ||
| 999 |
_a16582 _bNO _g Copie: 1 _c271006 _d271006 |
||